| 000 | 00908cam a2200277 4500 | ||
|---|---|---|---|
| 008 | 090401t1996 xxu||||| |||| 00| 0 eng d | ||
| 020 | _a0419200304 | ||
| 035 | _a(Sirsi) u44008 | ||
| 041 | _aeng | ||
| 050 | _a333.33 | ||
| 100 | _aByrne, Peter | ||
| 245 | _aRisk, uncertainty and decision-making in property development. | ||
| 250 | _a2nd ed. | ||
| 260 |
_aLondon _bE & F N Spon _c1996 |
||
| 300 | _aviii,162p. ; 24cm. | ||
| 350 | _a18.99 | ||
| 520 | _aProvides undergraduates in surveying and property professionals with a clear practical explanation of the various management techniques to improve their property development decisions. | ||
| 650 | _aDEVELOPMENT APPRAISAL | ||
| 650 | _aMONTE CARLO METHOD | ||
| 650 | _aPROPERTY DEVELOPMENT | ||
| 650 | _aPROPERTY INVESTMENT | ||
| 650 | _aRISK ANALYSIS | ||
| 690 | _aPROPERTY-COMMERCIAL PROPERTY | ||
| 942 | _n0 | ||
| 948 | _c04/03/1997 | ||
| 999 |
_c91421 _d91421 |
||